Lectures on the Eilenberg-Moore spectral secuence
Salvato in:
| Autore principale: | |
|---|---|
| Natura: | Libro |
| Lingua: | inglese |
| Pubblicazione: |
Berlín
Springer-Verlag
1970
|
| Serie: | Lecture Notes in Mathematics, 134
|
| Soggetti: | |
| Tags: |
Aggiungi Tag
Nessun Tag, puoi essere il primo ad aggiungerne!!
|
MARC
| LEADER | 00000nam a2200000 a 4500 | ||
|---|---|---|---|
| 001 | UCQ8387 | ||
| 003 | CL-VaPUC | ||
| 008 | 981209e19700000GW |||||||||||||||||eng|d | ||
| 082 | 0 | 4 | |a 515.722 |b SMI |2 21 |
| 100 | 0 | |a Smith, Larry |e author |9 422368 | |
| 245 | 1 | 0 | |a Lectures on the Eilenberg-Moore spectral secuence |
| 300 | |a 142 p | ||
| 942 | |c BK | ||
| 945 | |d 19981209 00:00:00 |a crobeson | ||
| 260 | |a Berlín |b Springer-Verlag |c 1970 | ||
| 650 | 0 | |a Teoría espectral |9 422369 | |
| 650 | 0 | |a Análisis de series de tiempo |9 260363 | |
| 650 | 0 | |a Procesos estocásticos |9 260364 | |
| 583 | |a last modification |c 19981209 00:00:00 |k Rodrigo Vera | ||
| 490 | 0 | |a Lecture Notes in Mathematics, 134 | |
| 999 | |c 277672 |d 277670 | ||
| 952 | |0 0 |1 0 |4 0 |6 515_722000000000000_SMI_1970 |7 0 |8 A |9 315740 |a BIBMAT |b BIBMAT |d 2019-11-20 |i 1304097 |o 515.722 SMI 1970 |p 1304097 |r 2025-01-07 |w 2019-11-20 |y BK |k MAT | ||